| 000 | 00458pab a2200181 454500 | ||
|---|---|---|---|
| 008 | 180718b2005 xxu||||| |||| 00| 0 eng d | ||
| 100 | _aDustmann, Christian | ||
| 245 | _aThe impact of immigration on the British labour market | ||
| 260 | _c2005 | ||
| 300 | _ap.F324-41. | ||
| 362 | _aNov | ||
| 650 | _aLabour market | ||
| 650 | _aImmigration | ||
| 700 | _aPreston, Ian | ||
| 700 | _aFabbri, Francesca | ||
| 773 | _aEconomic Journal | ||
| 909 | _a68192 | ||
| 999 |
_c68192 _d68192 |
||